| 000 | 00354nam a22001577a 4500 | ||
|---|---|---|---|
| 003 | SGT | ||
| 020 | _a9788123906492 | ||
| 082 |
_a615 _bE23P |
||
| 100 | _aPILLAI, K.K | ||
| 245 | _aEXPERIMENTAL PHARMACOLOGY | ||
| 260 |
_aNEW DELHI _bCBS PUBLICATION |
||
| 300 | _a124 | ||
| 650 | _aPHARMACY | ||
| 653 | _aEXPERIMENTAL, PHARMACOLOGY | ||
| 942 |
_2ddc _cBK |
||
| 999 |
_c32097 _d32097 |
||